Statistics for Pokémon names that end with M

Click here to take the quiz!

General Stats

  • This quiz has been taken 69 times
    (42 since last reset)
  • The average score is 18 of 31

Answer Stats

GenPokémon% Correct
IGloom
86%
IIAipom
71%
VIIISnom
71%
IISmoochum
71%
IVMothim
71%
IIIMedicham
71%
IGolem
71%
IIHoundoom
71%
IVAmbipom
71%
IIBellossom
71%
IIIBeldum
71%
VZekrom
57%
IVRotom
57%
IVDrifblim
57%
VElgyem
57%
IIICastform
57%
IIIBreloom
57%
IVWormadam
57%
IAlakazam
57%
VBeheeyem
57%
VIPancham
57%
VReshiram
57%
IISkiploom
57%
VITyrantrum
43%
IVCherrim
43%
VIIIRillaboom
43%
VIICosmoem
43%
IIMeganium
43%
VKyurem
43%
VIIIHattrem
43%
VIIIMorgrem
43%

Score Distribution

Percentile by Number Answered

Percent of People with Each Score

Your Score History

You have not taken this quiz since the last reset